Ποιοτικές μέθοδοι έρευνας και επιστημολογία των κοινωνικών επιστημών
Αποθηκεύτηκε σε:
| Κύριος συγγραφέας: | |
|---|---|
| Μορφή: | Βιβλίο |
| Γλώσσα: | Greek |
| Δημοσίευση: |
Αθήνα :
Τζιόλας,
2017.
|
| Θέματα: | |
| Ετικέτες: |
Προσθήκη ετικέτας
Δεν υπάρχουν, Καταχωρήστε ετικέτα πρώτοι!
|
MARC
| LEADER | 00000cam a2200000 a 4500 | ||
|---|---|---|---|
| 001 | 1/115798 | ||
| 008 | 180202s2017####gr | ||| |||| ||gre|| | ||
| 020 | |a 9789604186792 | ||
| 040 | |a GR-MyUa |b gre |c GR-MyUa |e AACR2 | ||
| 041 | 0 | |a gre | |
| 082 | 7 | |a 300.723 |2 (23) | |
| 100 | 1 | |a Ιωσηφίδης, Θεόδωρος. | |
| 245 | 1 | 0 | |a Ποιοτικές μέθοδοι έρευνας και επιστημολογία των κοινωνικών επιστημών / |c Ιωσηφίδης Θεόδωρος. |
| 260 | |a Αθήνα : |b Τζιόλας, |c 2017. | ||
| 300 | |a 316 σ. ; |c 24 εκ. | ||
| 504 | |a Περιλαμβάνει βιβλιογραφικές παραπομπές και ευρετήριο. | ||
| 650 | 0 | |a Social sciences |x Research |x Methodology. | |
| 650 | 0 | |a Qualitative research. | |
| 650 | 0 | |a Social sciences |x Methodology. | |
| 852 | |a INST |b LESVOS |c EUDOXUS |e 20180202 |h 300.723 ΙΩΣ |p 005100060976 |q 005100060976 |t EDX |y 0 | ||
| 852 | |a INST |b LESVOS |c EUDOXUS |e 20180202 |h 300.723 ΙΩΣ |p 005100060977 |q 005100060977 |t EDX |y 4 |x 20210326 | ||
| 852 | |a INST |b LESVOS |c EUDOXUS |e 20190829 |h 300.723 ΙΩΣ |p 005100061812 |q 005100061812 |t EDX |y 4 |x 20200310 | ||
| 852 | |a INST |b LESVOS |c EUDOXUS |e 20190326 |h 300.723 ΙΩΣ |p 005100062020 |q 005100062020 |t EDX |y 0 | ||
| 852 | |a INST |b RHODES |c EUDOXUS |e 20200716 |h 300.723 ΙΩΣ |p 005400041589 |q 005400041589 |t EDX |y 0 | ||
| 852 | |a INST |b RHODES |c EUDOXUS |e 20210113 |h 300.723 ΙΩΣ |p 005400041814 |q 005400041814 |t EDX |y 0 | ||
| 852 | |a INST |b RHODES |c EUDOXUS |e 20210113 |h 300.723 ΙΩΣ |p 005400041815 |q 005400041815 |t EDX |y 0 | ||
| 852 | |a INST |b RHODES |c EUDOXUS |e 20210510 |h 300.723 ΙΩΣ |p 005400042015 |q 005400042015 |t EDX |y 0 | ||
| 852 | |a INST |b RHODES |c EUDOXUS |e 20210510 |h 300.723 ΙΩΣ |p 005400042016 |q 005400042016 |t EDX |y 0 | ||
| 920 | |a Εύδοξος |b Παραγγελία |y Ρόδος-ΤΕΠΑΕΣ |z 2021-01 | ||
| 920 | |a Εύδοξος |b Παραγγελία |y Ρόδος-ΤΜΣ |z 2020-07 | ||
| 920 | |a Εύδοξος |b Παραγγελία |y Λέσβος-ΤΓ |z 2018-01 | ||
| 920 | |a Εύδοξος |b Επιστροφή |y Λέσβος |z 2019-03 | ||
| 920 | |a Εύδοξος |b Επιστροφή |y Λέσβος |z 2019-08 | ||
| 920 | |a Εύδοξος |b Παραγγελία |y Ρόδος-ΤΜΣ |z 2021-05 | ||
| 970 | |a Τζαφέρη |b Ευαγγελία |z 02-02-2018 | ||